Central Library OPAC University of Rajshahi

Land of enchanters : (Record no. 22876)

MARC details
000 -LEADER
fixed length control field 00717cam a2200217 a 4500
001 - CONTROL NUMBER
control field 22876
003 - CONTROL NUMBER IDENTIFIER
rucl marc code BD-RjUL
005 - DATE AND TIME OF LATEST TRANSACTION
control field 20211209000850.0
008 - FIXED-LENGTH DATA ELEMENTS--GENERAL INFORMATION
fixed length control field 140309s1948 xx 000 0 eng u
035 ## - SYSTEM CONTROL NUMBER
System control number (BD-RjUL)22941
040 ## - CATALOGING SOURCE
Original cataloging agency OSU
Modifying agency EQO
-- BD-RjUL
Language of cataloging eng
Transcribing agency BD-RjUL
041 ## - LANGUAGE CODE
Language code of text/sound track or separate title eng
082 ## - DEWEY DECIMAL CLASSIFICATION NUMBER
Classification number 893.13
Author mark and year LAN
090 ## - LOCALLY ASSIGNED LC-TYPE CALL NUMBER (OCLC); LOCAL CALL NUMBER (OCLC)
Classification number (OCLC) (R) ; Classification number, CALL (RLIN) (NR) PJ1949
Local cutter number (OCLC) ; Book number/undivided call number, CALL (RLIN) .L47
245 00 - TITLE STATEMENT
Title Land of enchanters :
Remainder of title Egyptian short stories from the earliest times to the present day /
Statement of responsibility, etc. edited and introduced by Bernard Lewis, and illustrated by Ali Nur
260 ## - PUBLICATION, DISTRIBUTION, ETC. (IMPRINT)
Place of publication, distribution, etc. London :
Name of publisher, distributor, etc. Harvill Press,
Date of publication, distribution, etc. 1948
300 ## - PHYSICAL DESCRIPTION
Pagination ix, 157 p. :
Illustrations illus. ;
Size 23 cm
650 #0 - SUBJECT ADDED ENTRY--TOPICAL TERM
Topical term or geographic name as entry element Short stories, Egyptian
9 (RLIN) 70534
700 1# - ADDED ENTRY--PERSONAL NAME
Personal name Lewis, Bernard,
Dates associated with a name 1916-
942 ## - ADDED ENTRY ELEMENTS (KOHA)
Source of classification or shelving scheme Dewey Decimal Classification
Koha item type Books
Holdings
Lost status Source of classification or shelving scheme Damaged status Not for loan Collection code Permanent Location Current Location Shelving location Date acquired Source of acquisition Cost, normal purchase price Total Checkouts Full call number Date last seen Copy number Koha item type
  Dewey Decimal Classification   Added to bundle Fiction Central Library, University of Rajshahi Central Library, University of Rajshahi Reading Room 07/11/1966 A.I. Quriesh 17.30   893.13 LAN 1948 09/03/2014 C-1 Books